000 00513nam a2200181Ia 4500
005 20250508162048.0
008 008 250505s9999 xx 000 0 eng d
037 _aReference
040 _aFEDL
_beng
_cFEDL
041 _aeng
_2eng
084 _a370.1, MOO/RR
_qFEDL
100 _aMoore T W
_9443963
245 0 _aEducational theory an introduction
260 _aLondon, UK
_bRoutledge and Kegan Paul
_c1974
300 _aix,102p.
942 _cREF
_h370.1, MOO/RR
999 _c1374139
_d1374139